Aprende a pensar por ti mismo /

-д хадгалсан:
Номзүйн дэлгэрэнгүй
Үндсэн зохиолч: Bono, Edward De (autor)
Формат: Ном
Хэл сонгох:испани
Хэвлэсэн: México : Paidós, 1997, c1997
Нөхцлүүд:
Шошгууд: Шошго нэмэх
Шошго байхгүй, Энэхүү баримтыг шошголох эхний хүн болох!

MARC

LEADER 00000nam^a2200000^a^4500
001 000231458
005 20250521000000.0
009 20260310104522.97
020 |a 968-853-358-0 
037 |a Acervo Xavier Clavigero 
041 |a ESP 
082 |a 153. 42  |b BON 
100 |a Bono, Edward De  |e (autor) 
245 1 0 |a Aprende a pensar por ti mismo /  |c E. De Bono ; tr. por Alicia Sánchez. 
264 4 |a México :  |b Paidós,  |c 1997, c1997 
300 |a 214 p. 
336 |a texto  |b txt  |2 rdacontenido 
337 |a sin mediación  |b n  |2 rdamedio 
338 |a volumen  |b nc  |2 rdasoporte 
500 |a Traducción de: Teach Yourself To Think 
649 |a XX 
650 |a Creatividad -  |x Tema Principal 
650 |a Pensamiento Lateral -  |x Tema Principal 
650 |a Pensamiento 
650 |a Psicología Cognitiva 
650 |a Psicología 
910 |a Fondo General 
920 |a Impresos - Libros 
930 |a Colección General 
905 |a 101 
901 |a 051982  |b IT1  |c ACC  |i 051982  |u 20250521 
902 |a https://opac.biblio.iteso.mx/vufind/Record/000231458